Enek-Zene: emelt szintu tankonyv az altalanos iskola 5: Osztalya szamara
Đã lưu trong:
| Tác giả chính: | |
|---|---|
| Định dạng: | Sách |
| Ngôn ngữ: | Tiếng Hungary |
| Được phát hành: |
Budapest
Nemzeti Tankonyvkiado
2000
|
| Những chủ đề: | |
| Các nhãn: |
Thêm thẻ
Không có thẻ, Là người đầu tiên thẻ bản ghi này!
|
MARC
| LEADER | 00000cam a2200000 a 4500 | ||
|---|---|---|---|
| 001 | UCF0182 | ||
| 003 | CL-VaPUC | ||
| 008 | 120427e20000000HU |||||||||||||||||hun|d | ||
| 020 | |a 9789631965513 | ||
| 082 | 0 | 4 | |a 780.77 |b SZA |2 21 |
| 100 | 0 | |a Szabó, Helga |e author |9 562057 | |
| 245 | 1 | 0 | |a Enek-Zene: emelt szintu tankonyv az altalanos iskola 5: Osztalya szamara |
| 300 | |a 208 p | ||
| 942 | |c BK | ||
| 945 | |d 20120427 00:00:00 |a dcastane | ||
| 260 | |a Budapest |b Nemzeti Tankonyvkiado |c 2000 | ||
| 650 | 0 | |a Música |9 306269 | |
| 650 | 0 | |a Estudio y enseñanza |9 270395 | |
| 650 | 7 | |a MUSICA HUNGARA |2 CL-VaPUC |9 562058 | |
| 650 | 0 | |a Enseñanza de la música |9 339802 | |
| 651 | 7 | |a HUNGRIA |2 CL-VaPUC |9 336650 | |
| 583 | |a last modification |c 20120910 08:49:35 |k Rodrigo Vera | ||
| 999 | |c 347662 |d 347660 | ||
| 952 | |0 0 |1 0 |4 0 |6 780_770000000000000_SZA_2000 |7 0 |8 X |9 449136 |a BIBEDU |b BIBEDU |d 2019-11-22 |i 4859685 |o 780.77 SZA 2000 |p 4859685 |r 2023-01-12 |w 2019-11-22 |y BK_X |k MUS | ||